000 00349nam a2200145Ia 4500
008 210210b1983 xxu||||| |||| 00| 0 eng d
082 _a355.2 LONY
100 _aLONGER (V).
245 _aYouth in step.
260 _aND
_bLancer international.
_c1983
300 _a220
650 _aNCC Cadut corps
690 _aMilitary Science
906 _a036163
999 _c86586
_d86586